LEADER 02883nam 2200577Ia 450 001 9910462523003321 005 20200520144314.0 010 $a1-59332-644-0 035 $a(CKB)2670000000271306 035 $a(EBL)1057792 035 $a(OCoLC)818819047 035 $a(SSID)ssj0000757572 035 $a(PQKBManifestationID)12295256 035 $a(PQKBTitleCode)TC0000757572 035 $a(PQKBWorkID)10758966 035 $a(PQKB)10401454 035 $a(MiAaPQ)EBC1057792 035 $a(Au-PeEL)EBL1057792 035 $a(CaPaEBR)ebr10622754 035 $a(EXLCZ)992670000000271306 100 $a20100412d2010 uy 0 101 0 $aeng 135 $aur|n|---||||| 181 $ctxt 182 $cc 183 $acr 200 10$aAssimilation of immigrants and their adult children$b[electronic resource] $ecollege education, cohabitation, and work /$fPing Chen 210 $aEl Paso [Tex.] $cLFB Scholarly Pub.$d2010 215 $a1 online resource (189 p.) 225 1 $aThe new Americans : recent immigration and American society 300 $aDescription based upon print version of record. 311 $a1-59332-391-3 320 $aIncludes bibliographical references and index. 327 $aCONTENTS; Acknowledgement; 1 Introduction; 2 Assimilation of College Education: Intergenerational andInter-Class Mobility of the Second Immigrant Generation; 3 Cohabitation and Marriage among Immigrant Youth DuringTransition to Adulthood; 4 Divergent Paths of Economic Adaptation: Nativity andImmigrant Statuses, Labor Segment Membership andEconomic Well-Being; 5 Conclusion; Appendix A; Appendix B; References; Index 330 $aChen studies recent immigrants and their adult children in three domains: college education, union formation, and work. In education, Chen finds that second-generation youth universally achieve higher in high school graduation than their immigrant parents. However, assimilation in terms of college education is lower among some ethnic groups due to social, cultural and structural factors. In family life, Chen finds that being raised in immigrant families protects youth from assimilating into the alternative life style of cohabitation and encourages marriage. In employment, nativity and immigran 410 0$aNew Americans (LFB Scholarly Publishing LLC) 606 $aAmericanization 606 $aAdult children of immigrants$zUnited States 607 $aUnited States$xEmigration and immigration$xSocial aspects 608 $aElectronic books. 615 0$aAmericanization. 615 0$aAdult children of immigrants 676 $a305.9/06912 700 $aChen$b Ping$f1973-$0993575 801 0$bMiAaPQ 801 1$bMiAaPQ 801 2$bMiAaPQ 906 $aBOOK 912 $a9910462523003321 996 $aAssimilation of immigrants and their adult children$92275028 997 $aUNINA LEADER 01384nam0 22003131i 450 001 UON00499781 005 20231205105409.439 010 $a978-18-445-7341-7 100 $a20191106d2013 |0itac50 ba 101 $aeng 102 $aGB 105 $a|||| 1|||| 200 1 $aˆThe ‰documentary film book$fedited by Brian Winston 210 $aHoundmills, Basingstoke$cPalgrave MacMillan ; London$cBritish Film Institute$d2013 215 $axv, 400 p.$cill.$d25 cm 606 $aDOCUMENTARI$3UONC095217$2FI 606 $aDOCUMENTARI$xAspetti sociali$3UONC097332$2FI 620 $aGB$dHoundmills, Basingstoke$3UONL000108 676 $a070.18$cMedia documentari, didattici, di notizie. Cinema$v21 702 1$aWINSTON$bBrian$3UONV245435 712 02$aBritish Film Institute$3UONV245436 712 $aPalgrave Macmillan$3UONV270313$4650 801 $aIT$bSOL$c20240220$gRICA 899 $aSIBA - SISTEMA BIBLIOTECARIO DI ATENEO$2UONSI 912 $aUON00499781 950 $aSIBA - SISTEMA BIBLIOTECARIO DI ATENEO$dSI Angl X 444 $eSI 34884 5 444 951 $aSIBA - SISTEMA BIBLIOTECARIO DI ATENEO$bSI20191492 1J 20191106 996 $aDocumentary film book$91756448 997 $aUNIOR